Statistics for Drinks in French

Click here to take the quiz!

General Stats

  • This quiz has been taken 47 times
    (15 since last reset)
  • The average score is 13 of 35

Answer Stats

Answer% Correct
L'eau (f)
100%
Le café
58%
Le jus de [fruit]
58%
Le lait
58%
Le rhum
58%
La bière
50%
La vodka
50%
Le champagne
50%
Le chocolat chaud
50%
Le rosé
50%
Le vin blanc
50%
Le vin rouge
50%
Le cola
42%
Le gin
42%
Le thé
42%
Le whisky
42%
L'absinthe (f)
33%
La limonade
33%
La liqueur
33%
La téquila
33%
Le brandy / l'eau de vie (m)
33%
Le cidre
33%
Le cognac
33%
Le soda
33%
Le cappuccino
25%
Le cocktail
25%
L'eau pétillante
17%
Le thé glacé
17%
Le vermouth
17%
La bière blonde
8%
La bière brune
8%
L'eau plate
8%
Le café crème
8%
Le milkshake
8%
L'expresso (m)
8%

Score Distribution

Percentile by Number Answered

Percent of People with Each Score

Your Score History

You have not taken this quiz since the last reset